Knowledge Management in Higher Education
Základné pojmy znalostného manažmentu vo vyšších vzdelávacích inšitúciách. Štúdie zamerané na aplikáciu manažmentu znalostí na školách. Prekážky, ktoré môžu zabrániť úspešnej implementácii vedomostí do praxe. Snahy o identifikáciu a odstránenie bariér ako výhoda zvyšovania konkurencieschopnosti.
Na minha lista:
| Autor principal: | |
|---|---|
| Formato: | Capítulo de Livro |
| Idioma: | inglês |
| Assuntos: | |
| Tags: |
Sem tags, seja o primeiro a adicionar uma tag!
|
MARC
| LEADER | 00000naa a2200000 4500 | ||
|---|---|---|---|
| 001 | 0251442 | ||
| 005 | 20240502074032.0 | ||
| 041 | 0 | |a eng | |
| 044 | |a SK | ||
| 245 | 1 | 0 | |a Knowledge Management in Higher Education |c Ivan Hlavatý |
| 520 | |a Základné pojmy znalostného manažmentu vo vyšších vzdelávacích inšitúciách. Štúdie zamerané na aplikáciu manažmentu znalostí na školách. Prekážky, ktoré môžu zabrániť úspešnej implementácii vedomostí do praxe. Snahy o identifikáciu a odstránenie bariér ako výhoda zvyšovania konkurencieschopnosti. | ||
| 610 | 2 | 0 | |a manažment znalostný |
| 610 | 2 | 0 | |a vzdelanie |
| 610 | 2 | 0 | |a vzdelávanie celoživotné |
| 610 | 2 | 0 | |a vzdelávanie ďalšie |
| 610 | 2 | 0 | |a rast hospodársky |
| 610 | 2 | 0 | |a konkurencieschopnosť |
| 610 | 2 | 0 | |a inštitúcie vzdelávacie |
| 100 | 1 | |a Hlavatý, Ivan, 1978- | |